All 500k+ Cities in the US - Statistics

General Stats
  • This quiz has been taken 123 times
  • The average score is 33 of 37
Answer Stats
State Answer Pop % Correct
NY New York 8,804,190
100%
IL Chicago 2,746,388
99%
TX Dallas 1,304,379
99%
CA Los Angeles 3,898,747
99%
AZ Phoenix 1,608,139
97%
TX Houston 2,304,580
96%
DC Washington 689,545
96%
TX Austin 964,254
95%
PA Philadelphia 1,603,797
95%
MA Boston 684,379
94%
CO Denver 715,522
94%
WA Seattle 741,251
94%
CA San Diego 1,386,932
93%
CA San Francisco 873,965
93%
FL Jacksonville 949,611
91%
IN Indianapolis 882,039
90%
TN Nashville 678,448
90%
OK Oklahoma City 681,054
90%
OH Columbus 905,748
89%
MI Detroit 672,662
89%
NV Las Vegas 641,903
89%
OR Portland 652,503
89%
CA Sacramento 524,923
89%
TX San Antonio 1,434,625
87%
NM Albuquerque 564,559
85%
MD Baltimore 585,708
85%
NC Charlotte 897,720
85%
WI Milwaukee 577,222
85%
TX Fort Worth 927,720
84%
TN Memphis 633,104
84%
CA San Jose 1,013,240
83%
MO Kansas City 508,090
82%
KY Louisville 618,906
81%
TX El Paso 678,815
80%
AZ Tucson 542,629
80%
CA Fresno 542,107
73%
AZ Mesa 518,012
64%
No matching quizzes found
Score Distribution
Percent of People with Each Score
Percentile by Number Answered
Your Score History
You have not taken this quiz